000 nam a22 a 4500
999 _c402798
_d402798
003 BLK
005 20210402135825.0
008 210325b bu |||||r|||| 00| | bu d
040 _aBLK
041 _aRUS
_cRUS
080 _aНаказателно право. Наказателен процес. Учение за престъплението. Криминология. Вж и 341.4 ; 344 ; 348
_b343
_z343
100 _9445731
_aФерри, Энрико
_eпърви автор
139 _aФерри, Энрико
245 _aПреступления и преступники
_bВ науке и в жизни. Две лекции
_cЭнрико Ферри.
260 _9444596
_aОдесса
_bН. Лейнеберг
_c1890
_fТипография Труд
300 _a54 с.
_c20 см
380 _a3
490 _9435080
_aКолекция Редки и ценни издания
500 _aДозволено цензурою, Одесса, 16-го мая 1890 г.
505 _gАвтограф - подпис: [...]Симеонов 14.ІХ.919.
650 0 _9279809
_aНаказателен процес
650 0 _9283100
_aНаказателна отговорност
653 7 _9197818
_aсъдебни процеси
653 7 _9194475
_aпрестъпления
653 7 _9194476
_aпрестъпници
852 _aРр 890
_bРц
942 _cKNG
_n0
_s1
944 _aCR
_c2021-03-25
_kА.М.
944 _aED
_c2021-04-02
_kКети
999 _d402798